000 00564nam a22001817a 4500
003 CEME
005 20210628201644.0
008 210212b xxu||||| |||| 00| 0 eng d
020 _a0-442-21597-5
040 _c.
082 _a628.1 HAN
100 _aWilliams, Robert.B Culp, Gordon.L
_956195
245 _aHandbook of public water systems culp-wesner-culp
260 _aNEW YORK
_bVAN NOSTRAND REINHOLD
_c1986
300 _aXIV,1111P
650 _aMUNICIPAL WATER SUPPLY-UNITED STATES WATER QUALITY-UNITED STATES WATER-PURIFICATION
_956196
942 _cBK
_2ddc
999 _c566693
_d566693